Program C34 CIS časná diagnostika a léčba onemocnění nádorem plic

Bibliographic Details
Main Author: Horváth, Theodor (Author)
Format: Article
Language:Slovak
Czech
ISSN:0371-2222
Subjects:

MARC

LEADER 00000nab a2200000 a 4500
001 vtls000736449
003 SK-MaSNL
005 20260304120947.0
008 250429c2000 xo 0 slo
015 |a SNBRB2000/11-31718 
035 |a CLN000088316 
035 |a urn:nbn:sk:snk-ab358s 
035 |a (urnnbn)urn:nbn:sk:snk:ar-a065n4 
035 |a (uuid)dd897e2e-fed5-4a22-babb-ee85ba806798 
040 |a SNKBUCL  |b slo  |c SNKBUCL  |e AACR2 
041 0 |a cze 
044 |a xo  |c SK 
080 |a 616.24-006-07  |2 1997 
100 1 |a Horváth, Theodor  |4 aut  |9 1425440 
245 1 0 |a Program C34 CIS  |b časná diagnostika a léčba onemocnění nádorem plic  |c Theodor Horváth 
650 0 7 |a nádory pľúc  |2 snkbucl  |9 19234 
655 7 |a články z novín a časopisov  |2 snkbucl  |9 267496 
773 0 |t Studia pneumologica et phthiseologica  |g Roč. 60, č. 3 (2000), s. 133  |x 0371-2222 
850 |a Slovenská národná knižnica 
852 |a Slovenská národná knižnica 
958 |a article27 
958 |a MI 
958 |a OND 
958 |a EUIPO 
999 |c 2882544  |d 2884474